| Tag |
First Indicator |
Second Indicator |
Subfields |
| LEADER |
00000cam a2200000 a 4500 |
| 001 |
in00002591213 |
| 005 |
20211202193118.0 |
| 006 |
m d f |
| 007 |
cr bn||||||||| |
| 008 |
100302s2009 dcu o f000 0 eng c |
| 035 |
|
|
|a (OCoLC)ocn535713580
|
| 037 |
|
|
|a 552-070-40051-6
|b GPO
|f paper
|
| 040 |
|
|
|a GPO
|c GPO
|d UBY
|d OCLCQ
|d GPO
|d MvI
|d UtOrBLW
|
| 042 |
|
|
|a pcc
|
| 043 |
|
|
|a n-us---
|
| 049 |
|
|
|a WWW
|
| 050 |
1 |
4 |
|a KF27
|b .A3 2009f
|
| 074 |
|
|
|a 1010-C (online)
|
| 086 |
0 |
|
|a Y 4.AG 8/1:111-23
|z Y 4.AG 8/1:111-2323/111-55
|
| 088 |
|
|
|a Serial no. 111-23 (United States. Congress. House. Committee on Agriculture)
|
| 088 |
|
|
|a Serial no. 111-55 (United States. Congress. House. Committee on Financial Services)
|
| 110 |
1 |
|
|a United States.
|b Congress.
|b House.
|b Committee on Agriculture.
|
| 245 |
1 |
0 |
|a Hearing to examine the regulation of over-the-counter derivatives :
|b joint hearing before the Committee on Agriculture and the Committee on Financial Services, House of Representatives, first session, July 10, 2009.
|
| 264 |
|
1 |
|a Washington :
|b U.S. G.P.O.,
|c 2009.
|
| 300 |
|
|
|a 1 online resource (v, 69 pages)
|
| 336 |
|
|
|a text
|b txt
|2 rdacontent
|
| 337 |
|
|
|a computer
|b c
|2 rdamedia
|
| 338 |
|
|
|a online resource
|b cr
|2 rdacarrier
|
| 500 |
|
|
|a Title from title screen (viewed on Mar. 2, 2010).
|
| 500 |
|
|
|a Paper version available for sale by the Supt. of Docs., U.S. G.P.O.
|
| 500 |
|
|
|a "Serial number 111-23 (Committee on Agriculture)."
|
| 500 |
|
|
|a "Serial number 111-55 (Committee on Financial Services)."
|
| 500 |
|
|
|a Electronic resource.
|
| 650 |
|
0 |
|a Derivative securities
|x Law and legislation
|z United States.
|
| 650 |
|
0 |
|a Over-the-counter markets
|x Law and legislation
|z United States.
|
| 650 |
|
0 |
|a Hedging (Finance)
|x Law and legislation
|z United States.
|
| 776 |
0 |
8 |
|i Print version:
|a United States. Congress. House. Committee on Agriculture.
|t Hearing to examine the regulation of over-the-counter derivatives
|h v, 69 p.
|w (DLC) 2009526429
|w (OCoLC)501406070
|
| 776 |
0 |
8 |
|i Microfiche:
|a United States. Congress. House. Committee on Agriculture.
|t Hearing to examine the regulation of over-the-counter derivatives
|h v, 69 p.
|w (OCoLC)637923835
|
| 710 |
1 |
|
|a United States.
|b Congress.
|b House.
|b Committee on Financial Services.
|
| 856 |
4 |
0 |
|u https://purl.fdlp.gov/GPO/LPS119868
|t 0
|
| 999 |
|
|
|a MARS
|
| 999 |
f |
f |
|s 57684479-8a9e-33de-be92-995c8d158cde
|i fa025304-1d05-3897-85b0-18695a72a128
|t 0
|
| 952 |
f |
f |
|a Texas A&M University
|b College Station
|c Electronic Resources
|d Available Online
|t 0
|e Y 4.AG 8/1:111-23
|h Superintendent of Documents classification
|
| 998 |
f |
f |
|a Y 4.AG 8/1:111-23
|t 0
|l Available Online
|